| 000 | 01086nam a22001817a 4500 | ||
|---|---|---|---|
| 010 | _aBAC-CH25 | ||
| 020 |
_a9788180221439 _c325.00 |
||
| 035 | _aB-558696-727 | ||
| 037 |
_aDPL _bUBH/vendor |
||
| 082 | _aS | ||
| 100 | _aBansal, Smriti | ||
| 245 |
_a100 Bible stories for children from the new testament/ _bretold by Smriti Bansal |
||
| 260 |
_bPriority Publications _c2014(repr) |
||
| 270 | _a............................................................................................................................................................................................................................................................................................................................................................................................................................................................................................... | ||
| 300 |
_a228p.: _bcol.ill. _c24cm.(Hb) |
||
| 942 |
_2ddc _cCH _hS _mBAN |
||
| 999 |
_c86828 _d86828 |
||